| 000 | 00466nam a22001457a 4500 | ||
|---|---|---|---|
| 008 | 240626b |||||||| |||| 00| 0 eng d | ||
| 020 | _a0201027585 | ||
| 050 | _aQA 276 Har | ||
| 100 |
_93013 _aHarnett, Donald L. |
||
| 245 |
_aIntroductory statistical analysis _c/ by Donald L. Harnett and James L. Murphy |
||
| 250 | _aSecond edition | ||
| 260 |
_aReading, Massachusetts : _bAddison-Wesley, _c1980 |
||
| 300 | _axvii, 595, [61] pages : illustrations | ||
| 942 | _2lcc | ||
| 999 |
_c85114 _d85114 |
||